| 000 | 00696npc a2200217Ia 4500 | ||
|---|---|---|---|
| 001 | dg40-2033 [d000002139] | ||
| 003 | IT-MiCISF | ||
| 008 | 161014s9999||||xx | und|| | ||
| 040 |
_aIT-MiCISF _cIT-MiCISF |
||
| 041 | _aen | ||
| 100 | _aRubin Lilian B. | ||
| 240 | _aWhen Father Loses His Job | ||
| 245 | 0 | _aWhen Father Loses His Job | |
| 250 | _a1a ed. | ||
| 260 |
_aBologna _bComune di Bologna-Regione Emilia-Romagna _c1994 |
||
| 300 | _app. 17 | ||
| 500 | _aConvegno internazionale "Mutamenti della famiglia nei paesi occidentali", Bologna, 6-8 ottobre 1994 / disoccupazione, padre, rapporti-familiari / | ||
| 650 | _afamiglia | ||
| 942 | _cDD | ||
| 957 | _71 | ||
| 999 |
_a2033 _bsi _g1 _c207554 _d207554 |
||